000 00716nam a22001937a 4500
999 _c176130
_d176130
005 20201117113841.0
010 _aUR-10928
020 _c200.00
_a-
035 _aU-9483
037 _bDBAD/PUB
082 _a841
100 _aفير و ز خا ن ند و ی
245 _aا شو ک سا ہنی سا حل شخصيت و شا عر ی
_cففير و ز خا ن ند و ی
246 _bAshok Sahni Sahil Shakhsiyat -o-Shairi (Urdu)
_aby Firoz Khan Nidvi
260 _aN.Delhi
_bEducational Publishing House
_c2020 ء
270 _aH.O.D1/16,Ansari Road,Darya ganj,
_bN.Delhi
_e110002
_k45678285,23216162
_l0091-11-23211540
300 _a191 ص
_c22 Cm(Hb)
942 _2ddc
_cUR
_h841
_mف ی ر